Metropolitan Counties of Alabama Quiz Stats

 Plays Quiz not verified by Sporcle

Also try: 'U' States Blitz
Challenge
Share
Tweet
Embed
Score 0/27 Timer 07:00
0 Plays Today
County % Correct
Jefferson
97.8%
Tuscaloosa
96.3%
Mobile
95.6%
Montgomery
94.8%
Shelby
92.6%
Madison
90.4%
Lee
86.7%
St. Clair
83.7%
Houston
79.3%
Autauga
78.5%
Limestone
77%
Etowah
77%
Lauderdale
76.3%
Blount
75.6%
County % Correct
Greene
73.3%
Walker
71.9%
Morgan
71.9%
Bibb
70.4%
Chilton
68.1%
Calhoun
68.1%
Elmore
66.7%
Geneva
65.2%
Hale
63.7%
Henry
63.7%
Lowndes
61.5%
Colbert
55.6%
Lawrence
51.1%

You're not logged in!

Compare scores with friends on all Sporcle quizzes.
Join for Free
OR
Log In

You Might Also Like...

Show Comments

Extras

Top Quizzes Today


Score Distribution

Your Account Isn't Verified!

In order to create a playlist on Sporcle, you need to verify the email address you used during registration. Go to your Sporcle Settings to finish the process.

Report this User

Report this user for behavior that violates our Community Guidelines.

Details: